000 00317nam a2200109Ia 4500
008 220217s9999||||xx |||||||||||||| ||und||
100 _aNijaguna, B T and Samaga, B S
245 0 _aThermodynamics Data Handbook
260 _aSudha publication
_bBangalore
_c2011
300 _a79
_b50
650 _aThermodynamics
_96541
999 _c182752
_d182752